• 首页
  • 本馆介绍
  • 公告通知
  • 最新文献
  • 馆藏检索
  • 电子资源
  • 读者导购
  • 参考咨询
  • 我的图书馆
  • 登录
  • 详细信息显示
  • 放入我的书架
  • 预约/预借图书
  • 作者相关作品
  • 分类相关作品
  • 丛书相关作品
  • 出版社相关作品

书目信息

  • 表格格式
  • 工作单格式
  • 卡片格式
题名:
音乐让孩子更聪明
    
 
作者: 哈伯迈耶 著 ;吴继华 , 刘志刚 译
分册:  
出版信息: 北京   中信出版社  2004
页数: 12,189页
开本: 21cm
丛书名:
单 册:
中图分类: J602
科图分类:
主题词: 儿童教育--音乐教育--智力开发
电子资源:
ISBN: 7-5086-0094-0
000 00882nam0 2200241 45
001 002652405
005 20050330104203.4
010    @a7-5086-0094-0@dCNY19.00
100    @a20040527d2004 em y0chiy0110 ea
101 1  @achi@ceng
102    @aCN@b110000
105    @ay z 000yy
200 1  @a音乐让孩子更聪明@Ayin yue rang hai zi geng cong ming@f(美)莎莲娜·哈伯迈耶著@F(Mei)Sha Lian Na·Ha Bo Mai Ye Zhu@g吴继华,刘志刚译
210    @a北京@c中信出版社@d2004
215    @a12,189页@d21cm
330    @a本书作者指出:让孩子接触音乐能加快孩子的语言发展能力,提高空间——时间推理能力,有效地增强孩子在数学、科学、工程学和物理学领域的理解与学习能力。
606 0  @a儿童教育@x音乐教育@x智力开发
690    @aJ602@v4
701  0 @a哈伯迈耶@4著
702  0 @a吴继华@AWu Ji Hua@4译
702  0 @a刘志刚@ALiu Zhi Gang@4译
801  0 @aCN@bNLC@c20040614
905    @b346436-440@dJ602@e288@f5
    
    音乐让孩子更聪明/(美)莎莲娜·哈伯迈耶著/吴继华,刘志刚译.-北京:中信出版社,2004
    12,189页;21cm
    
    
    ISBN 7-5086-0094-0:CNY19.00
    本书作者指出:让孩子接触音乐能加快孩子的语言发展能力,提高空间——时间推理能力,有效地增强孩子在数学、科学、工程学和物理学领域的理解与学习能力。
●
相关链接 在E读中查询图书 在五车中查询图书 在当当中查询图书 在豆瓣中查询图书


正题名:音乐让孩子更聪明     索取号:J602/288         预约/预借

序号 登录号 条形码 馆藏地/架位号 状态 备注
1 0346436   203464367   第一样本阅览室/ [索取号:J602/288] 在馆    
2 0346437   203464376   第一借阅区/ [索取号:J602/288] 在馆    
3 0346438   203464385   第一借阅区/ [索取号:J602/288] 在馆    
4 0346439   203464394   第一借阅区/ [索取号:J602/288] 在馆    
5 0346440   203464401   第一借阅区/ [索取号:J602/288] 在馆    
唐山师范学院图书馆 欢迎您!
大连网信软件有限公司© 版权所有